000 02480nam a2200493 4500
001 on1368206597
003 OCoLC
005 20260109033146.0
008 230203t20212016nyua j 000 f eng d
020 _a9781944020026
020 _a1944020020
040 _aMVS
_beng
_erda
_cMVS
_dUtOrBLW
100 1 _aHecht, Tracey,
_eauthor.
_0http://id.loc.gov/authorities/names/no2016052296
245 1 4 _aThe mysterious abductions /
_cTracey Hecht.
250 _aSeventh paperback edition.
264 1 _aNew York :
_bFabled Films Press,
_c2021.
264 4 _c℗♭2016.
300 _a220 pages, 10 unnumbered pages :
_bcolor illustrations ;
_c21 cm.
336 _atext
_btxt
_2rdacontent.
337 _aunmediated
_bn
_2rdamedia.
338 _avolume
_bnc
_2rdacarrier.
385 _nage
_aChildren
_2lcdgt.
490 1 _aThe nocturnals ;
_vbook one.
500 _aJacket art by Kate Liebman.
500 _aIncludes bonus content: Character animal glossary, discussion questions for your book club, Q & A with the author.
520 _aThree unlikely nocturnal animal friends--Dawn the fox, Tobin the pangolin, and Bismark the sugar glider--form a brigade of the night to look into the mysterious disappearance of animals.
521 8 _a530L
_bLexile.
521 3 _aDecoding demand: 95 (very high)
_aSemantic demand: 100 (very high)
_aSyntactic demand: 75 (high)
_aStructure demand: 88 (very high)
_bLexile.
526 0 _aAccelerated Reader AR
_bMG
_c4.2
_d4
_z189213.
650 0 _aNocturnal animals
_vJuvenile fiction.
650 0 _aFoxes
_vJuvenile fiction
_0http://id.loc.gov/authorities/subjects/sh2008120259.
650 0 _aPangolins
_vJuvenile fiction.
650 0 _aSugar glider
_vJuvenile fiction.
650 0 _aFriendship
_vJuvenile fiction
_0http://id.loc.gov/authorities/subjects/sh2008103472.
650 7 _aFriendships.
_2homoit.
655 7 _aNovels.
_2lcgft
_0http://id.loc.gov/authorities/genreForms/gf2015026020.
655 7 _aFiction.
_2lcgft
_0http://id.loc.gov/authorities/genreForms/gf2014026339.
655 7 _aAnimal fiction.
_2lcgft
_0http://id.loc.gov/authorities/genreForms/gf2017026034.
655 7 _aHumorous fiction.
_2lcgft
_0http://id.loc.gov/authorities/genreForms/gf2014026377.
655 7 _aDetective and mystery fiction.
_2lcgft
_0http://id.loc.gov/authorities/genreForms/gf2014026280.
700 1 _aLiebman, Kate,
_eillustrator.
_0http://id.loc.gov/authorities/names/no2016053086
800 1 _aHecht, Tracey.
_tNocturnals ;
_vbk. 1.
942 _cBK
999 _c31426
_d31424